000 00581nam a2200193Ia 4500
003 SGT
020 _a9788131721018
082 _a5.453
_bAHO
100 _aAho, Alfred V
245 _aCompilers, principles, techniques, and tools
250 _a2nd Ed.
260 _bPearson
_aN.Delhi
_c2013
300 _a1009p.
650 _aCOMPUTER SCIENCE
653 _aA SIMPLE SYNTAX-DIRECTED TRANSLATOR, LEXICAL ANALYSIS, SYNTAX ANALYSIS, INTERMEDIATE-CODE GENERATION, RUN-TIME ENVIRONMENT, CODE GENERATION,
700 _aLam,Monica S
700 _aSethi,Ravi
942 _2ddc
_cBK
_016
999 _c5784
_d5784